000 00583nam a2200193Ia 4500
003 GCL
008 140319s9999 xx 000 0 ara d
040 _aGCL /
_cGCL
082 0 4 _aفيديو
_b126
245 1 0 _aمجلة المعرفة(الشريط الرابع)
260 _a[S.N] :
_bلا يوجد
490 _aموسوعة غرائب الطبيعة
_v0
650 0 4 _aالطبيعة
650 0 4 _aالصقور
650 0 4 _aالحيوانات الصحراوية
650 0 4 _aالمناظر الطبيعية
650 0 4 _aالحيوانات - تربية
942 _2ddc
_cBK
999 _c33888
_d33888